<?xml version="1.0" encoding="UTF-8"?>
<record
    xmlns:xsi="http://www.w3.org/2001/XMLSchema-instance"
    xsi:schemaLocation="http://www.loc.gov/MARC21/slim http://www.loc.gov/standards/marcxml/schema/MARC21slim.xsd"
    xmlns="http://www.loc.gov/MARC21/slim">

  <leader>01181nam a22002417a 4500</leader>
  <controlfield tag="005">20211030102412.0</controlfield>
  <controlfield tag="008">211030b           ||||| |||| 00| 0 eng d</controlfield>
  <datafield tag="020" ind1=" " ind2=" ">
    <subfield code="a">8124109214</subfield>
  </datafield>
  <datafield tag="040" ind1=" " ind2=" ">
    <subfield code="c">AL</subfield>
  </datafield>
  <datafield tag="041" ind1=" " ind2=" ">
    <subfield code="a">eng</subfield>
  </datafield>
  <datafield tag="082" ind1=" " ind2=" ">
    <subfield code="2">23</subfield>
    <subfield code="a">359</subfield>
    <subfield code="b">SINI</subfield>
  </datafield>
  <datafield tag="100" ind1=" " ind2=" ">
    <subfield code="a">Anil Kumar Singh</subfield>
    <subfield code="9">9373</subfield>
  </datafield>
  <datafield tag="245" ind1=" " ind2=" ">
    <subfield code="a">India's Security Concerns in the Indian Ocean Region</subfield>
  </datafield>
  <datafield tag="260" ind1=" " ind2=" ">
    <subfield code="a">New Delhi</subfield>
    <subfield code="b">Har Anand Publications Pvt Ltd</subfield>
    <subfield code="c">2003</subfield>
  </datafield>
  <datafield tag="300" ind1=" " ind2=" ">
    <subfield code="a">308 p.</subfield>
    <subfield code="b">HB</subfield>
    <subfield code="c">22x14 cm.4950</subfield>
  </datafield>
  <datafield tag="365" ind1=" " ind2=" ">
    <subfield code="b">495.00</subfield>
    <subfield code="c">&#x20B9;</subfield>
    <subfield code="d">495.00</subfield>
  </datafield>
  <datafield tag="520" ind1=" " ind2=" ">
    <subfield code="a">At the cusp of the 21st Century, the security of the Indian Ocean region continues to be confronted with boundless threats, more from non-traditional sources, that have obviously become manifold in the Post-Cold War era. These threats emanate from non-military sources like drug-trafficking, frequent cross-border terrorism, proliferation of small arms, demographic disequilibrium , spill-over effects of domestic violence, resource depletion, some ethno-religious and tribal conflicts, etc.</subfield>
  </datafield>
  <datafield tag="650" ind1=" " ind2=" ">
    <subfield code="a">Sea Forces and Warfare</subfield>
    <subfield code="9">9374</subfield>
  </datafield>
  <datafield tag="650" ind1=" " ind2=" ">
    <subfield code="a">Indian Navy</subfield>
    <subfield code="9">9375</subfield>
  </datafield>
  <datafield tag="650" ind1=" " ind2=" ">
    <subfield code="a">Indian Ocean Security</subfield>
    <subfield code="9">9376</subfield>
  </datafield>
  <datafield tag="700" ind1=" " ind2=" ">
    <subfield code="a">SINGH (Anil Kumar)</subfield>
    <subfield code="9">9377</subfield>
  </datafield>
  <datafield tag="942" ind1=" " ind2=" ">
    <subfield code="2">ddc</subfield>
    <subfield code="c">GF</subfield>
  </datafield>
  <datafield tag="999" ind1=" " ind2=" ">
    <subfield code="c">220302</subfield>
    <subfield code="d">220302</subfield>
  </datafield>
  <datafield tag="952" ind1=" " ind2=" ">
    <subfield code="0">0</subfield>
    <subfield code="1">0</subfield>
    <subfield code="2">ddc</subfield>
    <subfield code="4">0</subfield>
    <subfield code="7">0</subfield>
    <subfield code="8">OTH</subfield>
    <subfield code="a">AL</subfield>
    <subfield code="b">AL</subfield>
    <subfield code="d">2013-03-24</subfield>
    <subfield code="l">0</subfield>
    <subfield code="o">359 SINI</subfield>
    <subfield code="p">GF00456</subfield>
    <subfield code="r">2021-10-30 00:00:00</subfield>
    <subfield code="w">2021-10-30</subfield>
    <subfield code="y">GF</subfield>
  </datafield>
  <datafield tag="952" ind1=" " ind2=" ">
    <subfield code="0">0</subfield>
    <subfield code="1">0</subfield>
    <subfield code="2">ddc</subfield>
    <subfield code="4">0</subfield>
    <subfield code="7">0</subfield>
    <subfield code="8">OTH</subfield>
    <subfield code="a">AL</subfield>
    <subfield code="b">AL</subfield>
    <subfield code="d">2021-12-09</subfield>
    <subfield code="l">0</subfield>
    <subfield code="o">359 SINI</subfield>
    <subfield code="p">GF00538</subfield>
    <subfield code="r">2021-12-09 00:00:00</subfield>
    <subfield code="w">2021-12-09</subfield>
    <subfield code="y">GF</subfield>
  </datafield>
</record>
